| 000 | 00757nam a2200241Ia 4500 | ||
|---|---|---|---|
| 003 | OSt | ||
| 005 | 20220927105033.0 | ||
| 006 | a|||||r|||| 00| 0 | ||
| 007 | ta | ||
| 008 | 220926b |||||||| |||| 00| 0 eng d | ||
| 024 | _a184753 | ||
| 037 | _cReference Collections | ||
| 040 |
_aRTL _cRTL _beng |
||
| 041 |
_2eng _aeng |
||
| 082 | _a"X9(D525).2.N51<N49r, J1" | ||
| 110 |
_aSASSOON SPINNING & WEAVING COMPANY LIMITED _9369804 |
||
| 245 | 0 | _a"Annual report,1949-51." | |
| 260 |
_aBombay _bSasson Spinning & Weaving Co. Ltd _c1951 |
||
| 300 |
_a24p. _ccm. |
||
| 700 |
_aSASSOON SPINNING & WEAVING COMPANY LIMITED _9369805 |
||
| 942 |
_h"X9(D525).2.N51<N49r, J1" _cCC |
||
| 999 |
_c690418 _d690418 |
||